Country Analogies - Statistics

General Stats
  • This quiz has been taken 69 times
  • The average score is 20 of 25
Answer Stats
Question Analogy Country % Correct
1) French is to France Poles is to Poland
100%
3) Mexico City is to Mexico Washington DC is to United States
98%
12) Azores is to Portugal Ibiza is to Spain
95%
24) Carthage is to Tunisia Constantinople is to Turkey
95%
2) Austria is Osterreich Germany is Deutschland
94%
13) Mt Elbrus is to Russia Mt Vesuvius is to Italy
92%
4) Everest is to Nepal Kilimanjaro is to Tanzania
92%
5) The Freedom Tower is to the US The Shard is to United Kingdom
92%
22) Yangtze is to China Ganges is to India
91%
16) Isle of Skye is to the UK Okinawa is to Japan
91%
18) Angkor Wat is to Cambodia Petronas Towers is to Malaysia
88%
17) Lake Superior is to the US Lake Baikal is to Russia
86%
10) Borscht is to Ukraine Goulash is to Hungary
83%
23) Sagrada Familia is to Spain Chichen Itza is to Mexico
80%
25) Galapagos is to Ecuador Easter Island is to Chile
79%
7) Sparta is to Greece Luxor is to Egypt
79%
8) Hagia Sophia is to Turkey Uluru is to Australia
74%
14) FCO Airport is to Italy CDG Airport is to France
74%
19) Guadelupe is to France Aruba is to Netherlands
74%
15) Yellowstone is to the US Banff is to Canada
73%
21) Varna is to Bulgaria Odesa is to Ukraine
71%
9) Sao Paulo is to Brazil Georgetown is to Guyana
68%
11) Neuschwanstein Castle is to Germany Znojmo Castle is to Czech Republic
48%
6) Auckland is to New Zealand Apia is to Samoa
48%
20) LHR Airport is to the UK ARN Airport is to Sweden
32%
No matching quizzes found
Score Distribution
Percent of People with Each Score
Percentile by Number Answered
Your Score History
You have not taken this quiz